[Event "FIDE WCC 2018"]
[Site "Khanty-Mansiysk"]
[Date "2018.11.05"]
[Round "1.4"]
[White "Atalik, Ekaterina"]
[Black "Cori T., Deysi"]
[Result "1-0"]
[WhiteElo "2445"]
[BlackElo "2406"]
[Annotator "TA"]
[PlyCount "73"]
[EventDate "2018.11.03"]
[EventType "k.o."]
[EventCountry "RUS"]
[SourceTitle "playchess.com"]
[Source "ChessBase"]
[SourceQuality "1"]

{[%evp 19,73,1,11,20,32,28,19,-14,-14,-2,-3,-20,-12,-9,-13,-11,-25,-13,-2,-30,-30,-38,-32,-25,-36,-29,0,0,27,18,27,0,0,0,0,0,0,0,0,0,27,11,33,33,33,33,33,33,153,153,153,153,348,348,434,425]} 1. c4 Nf6 2. Nc3 g6 3. g3 Bg7 4. Bg2 O-O 5. Nf3 c6 6. O-O d5 7. cxd5 cxd5 8. d4 Ne4 9. Nxe4 {D79: Fianchetto Grünfeld: Symmetrical Variation (6 0-0 c6 7 cxd5 cxd5)} (9. Ng5 Nxc3 10. bxc3 h6 11. Nh3 Nc6 12. Nf4 e6 13. e4 dxe4 14. Bxe4 Bd7 15. d5 exd5 16. Bxd5 Ne5 17. Bxb7 {½-½ (28) Aronian,L (2799)-Anand,V (2783) Saint Louis 2017}) 9... dxe4 10. Ng5 Bxd4 {LiveBook: 4 Games} 11. Nxe4 {The position is equal.} Nc6 12. Bh6 Re8 13. Qd2 $146 ({Predecessor:} 13. Qa4 Bxb2 14. Rab1 Bg7 15. Bxg7 Kxg7 16. Nc5 Qc7 17. Nxb7 Bxb7 18. Rxb7 Qxb7 19. Bxc6 {½-½ (28) Sievers,S (2386)-Powierski,E (2285) Germany 2015}) 13... Qb6 14. Nc3 Rd8 {Threatens to win with ...Bxf2+!} 15. Nd5 Qxb2 16. Qxb2 Bxb2 17. Rab1 Be5 18. Rfd1 Bd6 19. Bf4 {And now Bxd6 would win.} Kg7 20. Nc7 Bxc7 $1 21. Bxc7 Rxd1+ 22. Rxd1 Be6 23. Rb1 Rc8 24. Rxb7 Nd4 $1 25. h4 {aiming for Be5+.} Nxe2+ 26. Kh2 Bxa2 27. Rxa7 Bc4 28. Be5+ Kf8 29. Bb2 Be6 30. Ra8 f6 31. Rxc8+ Bxc8 $14 {[%mdl 4096] Endgame KBB-KBN} 32. Bf1 Ba6 $1 33. Kg2 e5 {[#]} (33... Kg7 $14) 34. f3 $1 $16 Bb5 {[#]} 35. Kf2 $1 Nd4 $2 (35... Nxg3 $16 {might work better.} 36. Bxb5 Nf5) 36. Bxd4 $1 $18 Bxf1 37. Bc5+ {Precision: White = 68%, Black = 25%.} 1-0

[Event "FIDE WCC 2018"]
[Site "Khanty-Mansiysk"]
[Date "2018.11.05"]
[Round "1.4"]
[White "Ni, Shiqun"]
[Black "Zhukova, Natalia"]
[Result "1/2-1/2"]
[WhiteElo "2436"]
[BlackElo "2375"]
[Annotator "TA"]
[PlyCount "71"]
[EventDate "2018.11.03"]
[EventType "k.o."]
[EventCountry "RUS"]
[SourceTitle "playchess.com"]
[Source "ChessBase"]
[SourceQuality "1"]

{[%evp 17,71,11,37,18,18,11,16,16,16,19,14,19,25,20,23,24,39,15,29,0,0,0,17,19,20,20,21,20,26,22,25,25,35,22,31,18,10,12,19,14,21,10,16,8,13,13,25,0,0,0,0,0,0,0,0,0]} 1. e4 e6 2. d4 d5 3. Nd2 c5 4. Ngf3 cxd4 5. exd5 Qxd5 6. Bc4 Qd8 7. O-O Nc6 8. Nb3 a6 {C07: French Tarrasch: 3...c5, 4 Ngf3 and 4 exd5 Qxd5} 9. Bf4 Bd6 {LiveBook: 4 Games} 10. Qd2 Nge7 11. Nbxd4 Bxf4 12. Qxf4 Nxd4 13. Nxd4 Ng6 14. Qe3 {[#]} O-O $146 ({Predecessor:} 14... Qe7 15. Nb3 O-O 16. Rad1 Bd7 17. Rd2 {½-½ (17) Nisipeanu,L (2670)-Gurevich,M (2630) Port Barcares 2005}) 15. Rad1 {[%cal Rd4e6] [#] Strongly threatening Nxe6.} Qf6 16. f4 b5 17. Bb3 Ne7 18. c3 Bb7 19. g4 {[%cal Rd4e6]} Qh4 20. Qg3 Qxg3+ 21. hxg3 {Nxe6! is the strong threat.} Rad8 22. g5 h6 23. gxh6 gxh6 24. Rf2 Rd6 25. Rfd2 {White wants to play Nxe6.} Be4 26. Nf5 (26. Kf2 {is more complex.} Rfd8 27. Nf3 Rxd2+ 28. Nxd2 Bc6 29. Nf3) 26... Nxf5 27. Rxd6 Nxd6 28. Rxd6 $11 {[%mdl 4096] Endgame KRB-KRB} Ra8 29. Kf2 Kf8 30. Ke3 Ke7 31. Rd2 Bc6 32. Rh2 Rg8 {The position is equal.} 33. Kf2 Rd8 34. Ke3 Rg8 35. Kf2 Rd8 36. Ke3 {Precision: White = 55%, Black = 54%.} 1/2-1/2

[Event "FIDE WCC 2018"]
[Site "Khanty-Mansiysk"]
[Date "2018.11.05"]
[Round "1.4"]
[White "Galliamova, Alisa"]
[Black "Nakhbayeva, Guliskhan"]
[Result "1/2-1/2"]
[WhiteElo "2432"]
[BlackElo "2367"]
[Annotator "TA"]
[PlyCount "245"]
[EventDate "2018.11.03"]
[EventType "k.o."]
[EventCountry "RUS"]
[SourceTitle "playchess.com"]
[Source "ChessBase"]
[SourceQuality "1"]

{[%evp 17,245,76,62,74,78,77,93,85,93,30,86,77,93,83,110,100,120,114,195,166,206,205,253,164,155,104,109,93,247,114,121,127,330,134,145,139,143,149,217,222,263,271,392,368,360,340,311,177,186,178,145,62,87,54,96,82,144,158,139,125,275,0,0,0,0,0,0,0,94,91,105,105,403,0,0,0,0,0,0,0,0,-74,-12,-37,8,-4,26,0,0,0,0,0,0,0,0,0,0,0,0,0,0,0,0,0,0,0,149,0,220,164,156,8,8,8,8,0,0,0,0,0,0,0,0,0,0,0,0,0,0,0,0,0,0,0,0,0,0,0,0,0,0,0,0,0,0,0,0,0,0,0,0,0,0,0,0,0,0,0,0,0,0,0,0,0,0,0,0,0,0,0,0,0,0,0,0,0,0,0,0,0,0,0,0,0,0,0,0,0,0,0,0,0,0,0,0,0,0,0,0,0,0,0,0,0,0,0,0,0,0,0,0,0,0,0,0,0,0,0,0,0,0,0,0,0,0,0,0,0,0,0]} 1. Nf3 e6 2. c4 b6 3. g3 Bb7 4. Bg2 g6 5. O-O Bg7 6. d4 Ne7 7. Nc3 O-O {A04: Unusual lines after 1 Nf3 and King's Indian Attack} (7... d5 8. cxd5 exd5 9. Bf4 O-O 10. Nb5 Na6 11. Rc1 c6 12. Nd6 Bc8 13. Qa4 Nc7 14. Nxc8 Rxc8 15. Bh3 {0-1 (28) Fridman,D (2649)-Edouard,R (2636) Berlin 2015}) 8. e4 d6 9. Be3 Nd7 {LiveBook: 9 Games. White is better.} 10. Re1 a6 11. Qd2 Re8 $146 ({Predecessor:} 11... c6 12. Bg5 f6 13. Bf4 {1-0 (43) Weber,U (2305)-Merenyi,G Wiesbaden 1994}) 12. Bh6 Bh8 13. b4 (13. d5 $16) 13... Nf6 (13... c5 $1 $11) 14. h3 Nd7 15. Rad1 Qc8 16. a3 a5 17. b5 Nf6 (17... e5 $16) 18. Rc1 Rd8 19. Bg5 Qd7 20. Nh2 Rab8 21. Rcd1 (21. Qe3 $142) 21... Qe8 $16 22. Qe3 Bc8 $2 (22... Nd7 $16) 23. Qf3 (23. e5 $18 {is more deadly.} dxe5 24. dxe5 (24. Qxe5 Nfd5 $16) 24... Rxd1 25. Rxd1) 23... Nd7 24. Ng4 $36 {[%mdl 2048] White has strong initiative.} h5 $2 (24... Bb7 $16 {was called for.} 25. d5 Bg7) 25. Nf6+ (25. Nh6+ $18 {and the rest is easy.} Kf8 26. h4) 25... Nxf6 26. Bxf6 Bxf6 27. Qxf6 Kh7 (27... Bb7 $16 28. g4 hxg4) 28. e5 $18 d5 29. g4 dxc4 (29... Bb7 $142 30. cxd5 Nxd5 31. Bxd5 Bxd5) 30. gxh5 Nf5 31. hxg6+ fxg6 32. d5 (32. Ne4 $142) 32... Qe7 33. Ne4 Qxf6 34. exf6 (34. Nxf6+ $16 Kh6 35. Rc1) 34... Kh6 $1 $14 35. Nc3 exd5 36. Bxd5 Bd7 (36... Rf8 $142) 37. Bxc4 $16 Nd6 38. Bf1 Kg5 (38... Re8 $16) 39. Ne4+ $2 (39. Re7 $18) 39... Nxe4 $11 40. Rxe4 Bf5 41. Rxd8 Rxd8 {[%mdl 4096] Endgame KRB-KRB} 42. Rc4 Rd7 (42... Kxf6 $11 {keeps the balance.} 43. Rxc7 Rd1) 43. Rc6 $1 $16 Kf4 44. h4 Ke5 $2 {[%mdl 8192]} (44... Bb1 $16) 45. Kh2 $2 ({White should play} 45. f3 $18) 45... Be4 $11 46. Rc4 {Threatens to win with f4+!} Bd5 47. Rg4 Kxf6 48. Bd3 Bf7 49. Be4 (49. Rf4+ $11 Kg7 50. Bc4) 49... Rd2 (49... Rd4 $17 50. Bf3 Rd3 51. Rf4+ Ke7) 50. Kg2 Ra2 51. Rg3 a4 52. Rc3 Bb3 53. Rxc7 Rxa3 54. Rc6+ Ke5 55. f3 Ra2+ 56. Kg3 a3 {aiming for ...Ra1.} 57. Rxb6 Rb2 {And now ...a2 would win.} 58. Ra6 a2 {...Bf7 is the strong threat.} 59. b6 Bc4 60. Ra5+ Kd4 61. b7 Ke3 {[#]} (61... Kc3 $11) 62. Ra3+ (62. Bc6 $1 $16) 62... Kd2 $2 (62... Kd4 $11 {and Black stays safe.}) 63. Kf4 $18 Kc1 {[#]} 64. Kg5 ({Better is} 64. Ke5 $1 $16) 64... Rb6 $1 $11 {The position is equal.} 65. Ra8 {White wants to play f4.} Bb3 66. b8=Q Rxb8 67. Rxb8 a1=Q 68. Rxb3 {White threatens Rb1+ and mate. KQ-KRB} Qe5+ 69. Kh6 Qh8+ 70. Kg5 Qh5+ 71. Kf6 Qh8+ 72. Kg5 Qd8+ 73. Kh6 Qxh4+ 74. Kxg6 Qg3+ 75. Kf5 Kd2 76. Rd3+ Ke2 77. Ke6 Qg8+ 78. Ke5 Qg5+ 79. Ke6 Kf2 80. Rd5 (80. Kf7 {is interesting.} Qe5 81. Kg6 Qc7 82. Rd5 Ke3 83. Kf6) 80... Qg8+ (80... Qf4 {looks sharper.} 81. Rf5 Qh2 82. Bd5 Kf1 83. Rg5 Ke2) 81. Kd6 Ke3 82. Rd3+ Kf4 83. Rd5 Qd8+ 84. Ke6 Qb6+ (84... Qh4 {is more complex.} 85. Kf7 Ke3 86. Ke6 Ke2 87. Kf7 Qh2) 85. Kf7 Qc7+ 86. Kf6 Qa7 87. Rf5+ Ke3 88. Rd5 Qc7 89. Ke6 Qc4 90. Kf5 Qc8+ 91. Kf6 Qf8+ 92. Ke6 Qg7 93. Rd3+ Kf4 94. Rd5 Qg8+ 95. Kf6 Ke3 96. Rd3+ Ke2 97. Rd5 Qf8+ 98. Ke6 Qe8+ 99. Kf6 Kf2 100. Rd2+ Kg3 101. Rd5 Qh8+ 102. Kg6 Qg8+ 103. Kf6 {Hoping for Rg5+.} Kh4 (103... Qc8 {keeps more tension.} 104. Kg6 Kf4 105. Rf5+ Ke3 106. Rd5 Qc7) 104. Ke7 Qg7+ 105. Ke6 Qh6+ 106. Kf7 Kg3 107. Ke7 Kf4 108. Kf7 Qb6 109. Rf5+ Ke3 110. Rd5 Qc7+ 111. Kf6 Qf4+ 112. Kg6 Qf8 113. Rd3+ Kf4 114. Rd5 Qe8+ 115. Kf6 Qf8+ 116. Kg6 $1 Qg8+ 117. Kf6 Qh8+ 118. Kg6 Qe8+ 119. Kf6 Qc6+ 120. Kf7 {Threatening mate with Rf5+.} Qc7+ 121. Kg6 Qb6+ 122. Kf7 Qc7+ 123. Kg6 {Precision: White = 46%, Black = 49%.} 1/2-1/2

[Event "FIDE WCC 2018"]
[Site "Khanty-Mansiysk"]
[Date "2018.11.05"]
[Round "1.4"]
[White "Bodnaruk, Anastasia"]
[Black "Vega Gutierrez, Sabrina"]
[Result "1/2-1/2"]
[WhiteElo "2426"]
[BlackElo "2389"]
[Annotator "TA"]
[PlyCount "118"]
[EventDate "2018.11.03"]
[EventType "k.o."]
[EventCountry "RUS"]
[SourceTitle "playchess.com"]
[Source "ChessBase"]
[SourceQuality "1"]

{[%evp 18,118,18,27,31,32,35,31,28,32,26,22,20,11,22,-8,9,-35,-22,-30,-24,-74,-59,-66,-62,-64,-64,-63,-50,-86,-24,-61,29,-39,-57,-67,-45,-47,-47,-57,-55,-55,-55,-121,-79,-149,-87,-114,-111,-100,-107,-96,-89,-101,-52,-70,-58,-53,-53,-102,-43,-61,0,-50,0,-13,0,-41,-26,-36,-36,-49,-24,-55,42,46,56,56,197,197,177,35,459,497,625,618,583,0,795,0,590,0,0,0,0,0,0,0,0,0,0,0,0]} 1. e4 c5 2. Nf3 Nc6 3. Bb5 Nf6 4. Bxc6 dxc6 5. d3 g6 6. h3 Bg7 7. Nc3 Nd7 8. Be3 e5 9. Qd2 h6 {B31: Sizilianisch (Rossolimo-Variante)} 10. a4 {LiveBook: 3 Partien} (10. O-O Qe7 11. Nh2 Nf8 12. f4 exf4 13. Bxf4 Ne6 14. Bg3 Nd4 15. e5 Bf5 16. Rae1 O-O-O 17. Ne4 Bxe4 18. Rxe4 {½-½ (42) Amin,B (2686)-Flores,D (2621) Batumi 2018}) 10... a5 11. Nh2 b6 {Weiß steht etwas besser.} 12. O-O {[%cal Bh1f1,Bf1f4,Bf4f2][%mdl 32]} Nf8 13. f4 exf4 14. Rxf4 Be6 15. Rf2 g5 16. Raf1 Qd6 $146 ({Vorgänger:} 16... Ng6 17. Ng4 {1-0 (44) Revo,T (2090)-Ilyuchyk,Y (2089) Minsk 2018}) 17. Ne2 O-O-O 18. Ng4 Nd7 19. Rxf7 Bxf7 20. Rxf7 Rhg8 {zielt auf ...h5 ab.} 21. Bf2 Qe6 22. Rf5 Ne5 23. Ne3 {[#]} Ng6 (23... Nc4 $1 $17 {[%cal Rc4d2][%mdl 512]} 24. Nxc4 (24. dxc4 Rxd2) 24... Qxc4) 24. Qe1 Ne7 (24... Kb7 $1 $15) 25. Rf3 (25. Nc4 $1 $11 Kb7 26. Bxc5 Nxf5 27. exf5 Qxf5 28. Bxb6) 25... Kb7 $36 {[%mdl 2048] Schwarz hat Initiative.} (25... Bxb2 $2 26. Qb1 $18) 26. Nc4 Be5 27. Nxe5 Qxe5 28. Qc3 Qxc3 29. Nxc3 Rgf8 30. Re3 (30. Rxf8 $15 Rxf8 31. b3) 30... Ng6 31. Bg3 {[#]} ({Günstiger ist} 31. b3) 31... Rf6 (31... c4 $142 $1 {[%mdl 512]} 32. dxc4 Rd2) 32. e5 Re6 33. Ne4 Rf8 (33... Nxe5 $6 34. Bxe5 Rxe5 35. Nd6+ Kc7 36. Rxe5 $11) 34. b3 Ka7 ({Viel schwächer wäre} 34... Nxe5 $6 35. Bxe5 Rxe5 36. Nd6+ Kc7 37. Rxe5 $11) 35. Nd6 Ne7 36. Bh2 Nd5 37. Re2 Nf4 38. Re4 Ng6 ({Besser ist} 38... Kb8 $17) 39. Re2 Rd8 (39... Ka6 $15) 40. Re4 Rd7 41. Kf2 Rd8 42. g4 Rf8+ 43. Ke2 Ne7 44. c4 h5 45. Bg3 Rh6 (45... h4 $15 46. Bh2 Ka6) 46. e6 $14 hxg4 47. hxg4 Rff6 {[#]} (47... Rhf6 $14) 48. Nf5 $1 $18 {[%mdl 512]} Rh7 {[#]} (48... Nxf5 49. gxf5) 49. Bd6 ({Lieber} 49. Be5 $1 $18 {[%cal Re5f6]} Rxe6 {[#]} 50. Bb8+ $1 {[%mdl 512]} Kxb8 51. Rxe6 Nxf5 52. gxf5) 49... Nc8 $2 {[%mdl 8192]} (49... Rxf5 $1 $14 50. gxf5 Nxf5) 50. e7 Nxd6 51. Nxd6 {[%mdl 4096] Endspiel KTT-KTS} Rh2+ 52. Ke3 $2 (52. Ke1 $18 Rh1+ 53. Kd2 Rh2+ 54. Re2 (54. Kc3 {führt zum Matt.} Rff2 55. Nb5+ cxb5 56. Re2 Rxe2 57. b4 axb4+ 58. Kb3 Rb2#)) 52... Rh3+ $2 {[%mdl 8192]} (52... Rff2 $11 53. Nc8+ (53. e8=Q Re2+ 54. Kf3 Rhf2+ 55. Kg3 Rg2+ 56. Kh3 Rh2+ 57. Kg3 Rhg2+ 58. Kh3 Rh2+ 59. Kg3 Rhg2+ $11) 53... Kb8) 53. Ke2 Rh2+ 54. Ke3 $2 ({Weiss braucht} 54. Ke1 $18 Rh8 55. e8=Q Rxe8 56. Nxe8) 54... Rff2 {Die Stellung ist ausgeglichen.} 55. e8=Q {jetzt De7+ und aus.} Re2+ 56. Kf3 {Weiss will mit Df7+ Matt setzen.} Rhf2+ 57. Kg3 Rg2+ 58. Kf3 Rgf2+ 59. Kg3 {Droht Matt per De7+.} Rg2+ {Precision: Weiß = 35%, Schwarz = 38%.} 1/2-1/2

[Event "FIDE WCC 2018"]
[Site "Khanty-Mansiysk"]
[Date "2018.11.05"]
[Round "1.4"]
[White "Danielian, Elina"]
[Black "Hoang, Thanh Trang"]
[Result "1/2-1/2"]
[WhiteElo "2426"]
[BlackElo "2448"]
[Annotator "TA"]
[PlyCount "165"]
[EventDate "2018.11.03"]
[EventType "k.o."]
[EventCountry "RUS"]
[SourceTitle "playchess.com"]
[Source "ChessBase"]
[SourceQuality "1"]

{[%evp 16,165,46,28,25,8,20,9,33,20,63,24,47,32,51,47,47,47,58,30,46,13,62,59,125,111,130,0,0,-5,-6,-16,0,0,17,14,11,24,105,37,73,73,72,66,181,179,269,228,218,110,174,-14,-9,-22,0,0,0,-222,0,0,0,0,0,0,0,0,0,-67,-79,-154,-155,-154,0,0,0,0,0,0,0,0,0,0,0,0,0,0,0,0,0,0,0,0,0,0,0,0,0,0,0,0,0,0,0,0,0,0,0,0,0,0,0,0,0,0,0,0,0,0,0,0,0,0,0,0,0,0,0,0,0,0,0,0,0,0,0,0,0,0,0,0,0,0,0,0,0,0,0,0,0,0,0,0]} 1. c4 f5 2. b3 d6 3. Bb2 e5 4. g3 Nf6 5. Bg2 Nc6 6. Nc3 g6 7. e3 Bg7 8. Nge2 O-O 9. O-O {LiveBook: 32 Games} Qe7 {A25: English Opening vs King's Indian with ...Nc6 but without early d3} (9... e4 10. d3 exd3 11. Qxd3 Be6 12. Rad1 Bf7 13. Qd2 g5 14. Nd4 Nxd4 15. exd4 f4 16. Bxb7 Rb8 17. Bg2 {0-1 (60) Lai,H (2557)-Fier,A (2493) Amsterdam 2017}) 10. a3 a5 11. Nd5 $146 ({Predecessor:} 11. Rc1 Kh8 12. d4 {1-0 (43) Alvarado Diaz,A (2313)-Maltsev,L (1985) Barcelona 2013}) 11... Qf7 12. Nec3 Kh8 13. d3 Nd8 14. b4 axb4 15. axb4 Rxa1 16. Qxa1 c6 17. Nb6 Be6 18. Ne2 g5 19. c5 Qh5 (19... Qg6 $14) 20. f3 $16 dxc5 21. Bxe5 ({White has to play} 21. bxc5 $16 e4 22. g4 (22. dxe4 fxe4 23. Nd4 exf3 $16)) 21... cxb4 $11 22. Qd4 b3 23. Qb4 Qf7 24. e4 Nd7 25. Nxd7 Bxd7 26. Bxg7+ Kxg7 (26... Qxg7 $11 27. Qxb3 b5) 27. Nd4 ({Better is} 27. f4 $16) 27... b5 28. f4 ({Much worse is} 28. Nxf5+ Bxf5 29. exf5 Qxf5 $11) 28... gxf4 29. Rxf4 Qf6 (29... c5 $1 $14 30. Qxc5 Ne6 31. Nxe6+ (31. Nxf5+ Kh8 $11) 31... Bxe6) 30. Nxb3 $18 ({But not} 30. exf5 $6 b2 $14) 30... Nf7 (30... Ne6 $142) 31. d4 Qd6 32. Qc3 (32. Nc5 $18) 32... fxe4 {[#]} (32... b4 $16 {was worth a try.} 33. Qc5 Ra8) 33. Bxe4 $2 ({White should try} 33. Nc5 $1 $18) 33... Ng5 $1 $36 {[%mdl 2048] Black fights for an advantage.} 34. Bg2 Rxf4 35. gxf4 Qxf4 36. Nc5 $2 {[#]} (36. d5+ $11 {and White has nothing to worry.} Kf7 37. dxc6) 36... Bc8 $2 (36... b4 $1 $19 {[%cal Rb4c3][%mdl 512]} 37. Qe1 (37. Qxb4 Qe3+) 37... Qxd4+ 38. Qf2 Qg4) 37. d5+ Qf6 38. Qxf6+ Kxf6 {[%mdl 4096] Endgame KBN-KBN} 39. d6 Bf5 {White must now prevent ...Nf7.} 40. Bxc6 Nf7 41. Nb7 ({White should play} 41. d7 $11) 41... b4 $15 {Threatens to win with ...b3.} 42. Bd5 (42. Ba4 $142) 42... Be6 $17 43. Be4 b3 $2 (43... h6 $17 {Strongly threatening ...b3.} 44. d7 Bxd7) 44. Nc5 $1 $11 {The position is equal.} h6 45. d7 b2 {Hoping for ...Bf5.} 46. Na4 Bxd7 (46... Ke5 {is more complex.} 47. Bg6 b1=B 48. Bxb1 Bxd7 49. Nc5 Bc6) 47. Nxb2 Bf5 48. Bg2 Ne5 49. Nd1 Kg5 50. Kf2 Kf4 51. Nc3 Ng4+ 52. Kg1 Ne3 53. Bc6 h5 54. Ne2+ Kg5 55. Nd4 Bh3 56. Kf2 Ng4+ 57. Kg3 Bf1 58. Nf3+ Kh6 59. h3 Nf6 60. Nd2 Bd3 61. Kf4 Bc2 62. Nf3 Bd3 63. Ne5 Bf1 64. h4 Ng4 65. Nf7+ Kg7 66. Nd6 Kh6 67. Nf5+ Kh7 68. Kg5 Bd3 69. Nd6 Ne5 70. Be8 (70. Bd5 {with more complications.} Bg6 71. Nb5 Kg7 72. Nc7 Nf7+ 73. Kf4) 70... Bg6 71. Kf6 Bxe8 72. Kxe5 {KB-KN} Ba4 73. Kf6 Kh6 74. Nf5+ Kh7 75. Kg5 Bd1 76. Ne3 Be2 77. Nd5 Bd1 78. Kf6 Be2 79. Nf4 Bd1 80. Kf7 Bf3 81. Nh3 {White wants to mate with Ng5+.} Bd1 82. Kf6 Be2 83. Ng5+ {Precision: White = 45%, Black = 50%.} 1/2-1/2

[Event "FIDE WCC 2018"]
[Site "Khanty-Mansiysk"]
[Date "2018.11.05"]
[Round "1.4"]
[White "Gaponenko, Inna"]
[Black "Krush, Irina"]
[Result "0-1"]
[WhiteElo "2420"]
[BlackElo "2434"]
[Annotator "TA"]
[PlyCount "65"]
[EventDate "2018.11.03"]
[EventType "k.o."]
[EventCountry "RUS"]
[SourceTitle "playchess.com"]
[Source "ChessBase"]
[SourceQuality "1"]

{[%evp 12,65,53,53,73,50,46,46,49,41,54,11,18,11,12,0,31,-10,-13,0,-12,-6,0,0,-4,-10,0,-124,-39,-172,-137,-134,-148,-154,-151,-226,-223,-229,-78,-256,-253,-253,-260,-253,-253,-814,-793,-813,-760,-759,-671,-752,-772,-769,-770,-1008]} 1. e4 c5 2. Nf3 d6 3. d4 cxd4 4. Nxd4 Nf6 5. Nc3 Nc6 6. Bg5 Qb6 7. Nb3 {LiveBook: 686 Games} g6 {B60: Sicilian: Richter-Rauzer: Unusual Black 6th moves and 6...Bd7 without 7 Qd2} (7... e6 8. Bxf6 gxf6 9. Qd2 Bd7 10. Be2 h5 11. f4 a6 12. O-O-O O-O-O 13. Rhf1 Kb8 14. Rf3 Be7 15. Kb1 h4 16. a3 Rc8 17. Qe1 {1-0 (43) Sjugirov,S (2673)-Alekseenko,K (2588) Moscow 2017}) 8. Bxf6 exf6 9. Qd2 $146 ({Predecessor:} 9. Nd5 Qd8 10. Qd2 Bg7 11. O-O-O h5 12. Kb1 f5 13. Bd3 fxe4 14. Bxe4 O-O 15. f4 {1-0 (56) Gil Ojeda,J (1936)-Sala Marin,A (1683) Santa Cruz de Tenerife 2017}) 9... Be6 {White is slightly better.} 10. O-O-O {[%cal Ba1d1,Bd1d4,Bd4b4][%mdl 32]} O-O-O 11. Nd5 Bxd5 $1 12. exd5 Ne5 13. f4 Bh6 14. Qc3+ Kb8 15. Rd4 {And now Qh3 would win.} f5 16. Be2 Nd7 {Threatens to win with ...Bg7.} 17. Rb4 Qc7 18. Rc4 Qb6 $36 {[%mdl 2048] Black has good play.} 19. Na5 {[#]} (19. Rb4 $11 Bg7 20. Qd2 (20. Rxb6 Bxc3 21. Rxd6 Bb4 $17)) 19... Rc8 (19... Bg7 $1 $17 {[%cal Rg7c3][%mdl 512]} 20. Nc6+ (20. Qxg7 Qxa5) 20... bxc6 21. Qxg7 Qe3+ 22. Kd1 Rde8) 20. Qa3 (20. Nc6+ $15 Ka8 21. Na5) 20... Rxc4 21. Nxc4 Bxf4+ {[%cal Bh6f4,Bf4h2,Bh2g1][%mdl 32]} 22. Kb1 Qc5 23. Qb3 (23. Qxc5 $17 Nxc5 24. g3) 23... Re8 24. Bf3 {[#]} Nb6 $2 (24... Bxh2 $1 $19 {[%mdl 512] and Black stays clearly on top. White must now prevent ...Rc8.} 25. a3 (25. Rxh2 Qg1+) 25... h5) 25. Na3 $2 {[#]} (25. Nxb6 $17 {was the only defense.} axb6 26. Qa4) 25... Bxh2 $1 $19 {[%mdl 512] aiming for ...Bg1.} 26. c3 (26. Rxh2 Qg1+) 26... h5 27. Nc2 Bg1 28. Nb4 $2 (28. Qb4) 28... Re1+ {Black is clearly winning.} 29. Bd1 Qe3 30. Qc2 Nc4 31. Nd3 Rf1 32. a4 Qe4 33. Nc1 {Precision: White = 29%, Black = 58%.} 0-1

[Event "FIDE WCC 2018"]
[Site "Khanty-Mansiysk"]
[Date "2018.11.05"]
[Round "1.4"]
[White "Matnadze, Ana"]
[Black "Saduakassova, Dinara"]
[Result "0-1"]
[WhiteElo "2372"]
[BlackElo "2474"]
[Annotator "TA"]
[PlyCount "56"]
[EventDate "2018.11.03"]
[EventType "k.o."]
[EventCountry "RUS"]
[SourceTitle "playchess.com"]
[Source "ChessBase"]
[SourceQuality "1"]

{[%evp 30,56,7,33,40,-22,-20,-129,-115,-257,-255,-1022,-995,-2049,-2113,-2037,-1823,-29989,-535,-910,-870,-29992,-29993,-29993,-29994,-29994,-29995,-29995,-29996]} 1. d4 {Stohl,I} Nf6 2. Nf3 e6 3. g3 d5 4. Bg2 Be7 5. c4 O-O 6. Nc3 dxc4 7. Ne5 Nc6 8. Bxc6 bxc6 9. Nxc6 Qe8 10. Nxe7+ Qxe7 11. Qa4 c5 12. Qxc4 {E06: Closed Catalan: Early deviations} (12. dxc5 Qxc5 13. Be3 Qc7 14. O-O-O Ng4 15. Rd2 Nxe3 16. fxe3 Rb8 17. Rhd1 a5 18. Kb1 h6 19. Ka1 Rb4 {1-0 (49) Caruana,F (2822)-Nakamura,H (2777) Saint Louis 2018}) 12... cxd4 13. Qxd4 e5 14. Qh4 Rb8 15. O-O Rb4 16. e4 $1 {LiveBook: 27 Games} h6 17. Re1 (17. f3 $14) 17... Rd8 $11 18. f3 (18. h3 $11 {remains equal.}) 18... Rd3 $17 19. Kg2 {[#]} (19. Rf1 $17 {is a better defense.}) 19... Qb7 $1 $19 {[#]} 20. Nd1 $146 {[#]} (20. h3 Rxb2+ 21. Bxb2 Qxb2+ 22. Ne2) ({Predecessor:} 20. Re2 Bg4 21. fxg4 Nxe4 22. Rxe4 Rxe4 23. Kh3 Re1 24. Bxh6 Rxa1 25. Qg5 f6 26. Qg6 Rxc3 {0-1 (26) Markowski,T (2557)-Onischuk,A (2657) Polanica Zdroj 1999 CBM 073 [Stohl,I]}) 20... Bg4 $1 {[%mdl 512]} 21. Nf2 (21. fxg4 Rxe4) 21... Bxf3+ 22. Kg1 Qb6 23. Kf1 {[#]} Bxe4 (23... Rxb2 $142 $1 {[%mdl 512]} 24. g4 (24. Bxb2 Rd2) 24... Nxg4 25. Bxb2 Rd2 26. Re2 Bxe2+ 27. Kg1 Rxb2 28. Rc1 Rb1 29. Kg2 Rxc1 30. Qxg4 Bxg4 31. Nxg4 Qg1+ 32. Kf3 Rc3+ 33. Ke2 Rc2+ 34. Kf3 Qg2+ 35. Ke3 Qh3#) 24. a3 Rc4 25. Nxd3 Bxd3+ {Black mates.} 26. Kg2 Rc2+ 27. Kh3 Qf2 {[%csl Gc2][%cal Rf2h2]} 28. Bd2 Rxd2 {Precision: White = 10%, Black = 71%.} 0-1